Equity & development in Zambia. (Record no. 62779)
[ view plain ]
| 000 -LEADER | |
|---|---|
| fixed length control field | 01303nam a2200253 a 4500 |
| 008 - FIXED-LENGTH DATA ELEMENTS--GENERAL INFORMATION | |
| fixed length control field | 211203s2009 ||||||||||||||||| || u |
| 010 ## - LIBRARY OF CONGRESS CONTROL NUMBER | |
| LC control number | 2010306140 |
| 050 ## - LIBRARY OF CONGRESS CALL NUMBER | |
| Classification number | HC 915.Z9 Mat |
| 100 ## - MAIN ENTRY--PERSONAL NAME | |
| Personal name | Liebenthal, Robert |
| 245 10 - TITLE STATEMENT | |
| Title | Equity & development in Zambia. |
| Statement of responsibility, etc. | By James Matale ; Robert Liebenthal |
| 246 ## - | |
| -- | Equity and development in Zambia |
| 260 ## - PUBLICATION, DISTRIBUTION, ETC. | |
| Place of publication, distribution, etc. | Ndola |
| Name of publisher, distributor, etc. | Economics Association of Zambia |
| Date of publication, distribution, etc. | 2009 |
| 300 ## - PHYSICAL DESCRIPTION | |
| Extent | viii, 112 pages |
| 500 ## - GENERAL NOTE | |
| General note | "Drafted by James Matale, with the assistance of Robert Liebenthal"--P. viii. Includes bibliographical references. |
| 650 #0 - SUBJECT ADDED ENTRY--TOPICAL TERM | |
| Topical term or geographic name entry element | Equality - Zambia |
| 650 #0 - SUBJECT ADDED ENTRY--TOPICAL TERM | |
| Topical term or geographic name entry element | ZAMBIA--ECONOMIC CONDITIONS--1964- |
| 650 #0 - SUBJECT ADDED ENTRY--TOPICAL TERM | |
| Topical term or geographic name entry element | ECONOMIC DEVELOPMENT--ZAMBIA |
| 700 ## - ADDED ENTRY--PERSONAL NAME | |
| Personal name | Matale, James |
| 995 ## - | |
| -- | SPECIAL COLLECTIONS |
| -- | 740199 |
| -- | CBU-MAIN LIBRARY (Kitwe) |
| -- | HC 915.Z9 Mat |
| -- | 4 |
| -- | AVAILABLE |
| -- | Dec 3, 2021 |
| -- | 740199 |
| -- | Zambiana Collection |
| 995 ## - | |
| -- | SPECIAL COLLECTIONS |
| -- | 740197 |
| -- | CBU-MAIN LIBRARY (Kitwe) |
| -- | HC 915.Z9 Mat |
| -- | 2 |
| -- | AVAILABLE |
| -- | Dec 3, 2021 |
| -- | 740197 |
| -- | Zambiana Collection |
| 995 ## - | |
| -- | SPECIAL COLLECTIONS |
| -- | 740198 |
| -- | CBU-MAIN LIBRARY (Kitwe) |
| -- | HC 915.Z9 Mat |
| -- | 3 |
| -- | AVAILABLE |
| -- | Dec 3, 2021 |
| -- | 740198 |
| -- | Zambiana Collection |
| 995 ## - | |
| -- | SPECIAL COLLECTIONS |
| -- | 740196 |
| -- | CBU-MAIN LIBRARY (Kitwe) |
| -- | HC 915.Z9 Mat |
| -- | 1 |
| -- | AVAILABLE |
| -- | Dec 3, 2021 |
| -- | 740196 |
| -- | Zambiana Collection |
| 999 ## - | |
| -- | 62779 |
| -- | 62779 |
| Withdrawn status | Lost status | Source of classification or shelving scheme | Damaged status | Not for loan | Permanent Location | Current Location | Shelving location | Date acquired | Total Checkouts | Full call number | Barcode | Date last seen | Price effective from | Koha item type |
|---|---|---|---|---|---|---|---|---|---|---|---|---|---|---|
| CBU-MAIN LIBRARY, KITWE. | CBU-MAIN LIBRARY, KITWE. | 12/16/2022 | HC 915.Z9 Mat | 740199 | 12/16/2022 | 12/16/2022 | MONOGRAPH | |||||||
| CBU-MAIN LIBRARY, KITWE. | CBU-MAIN LIBRARY, KITWE. | 12/16/2022 | HC 915.Z9 Mat | 740197 | 12/16/2022 | 12/16/2022 | MONOGRAPH | |||||||
| CBU-MAIN LIBRARY, KITWE. | CBU-MAIN LIBRARY, KITWE. | 12/16/2022 | HC 915.Z9 Mat | 740198 | 12/16/2022 | 12/16/2022 | MONOGRAPH | |||||||
| CBU-MAIN LIBRARY, KITWE. | CBU-MAIN LIBRARY, KITWE. | 12/16/2022 | HC 915.Z9 Mat | 740196 | 12/16/2022 | 12/16/2022 | MONOGRAPH |